Systems thinking for effective managers : (Record no. 20187)

MARC details
000 -LEADER
fixed length control field 00560nam a22001937a 4500
003 - CONTROL NUMBER IDENTIFIER
control field OSt
008 - FIXED-LENGTH DATA ELEMENTS--GENERAL INFORMATION
fixed length control field 240124b20172017|||||||| |||| 00| 0 eng d
020 ## - INTERNATIONAL STANDARD BOOK NUMBER
International Standard Book Number 9789386446732
082 ## - DEWEY DECIMAL CLASSIFICATION NUMBER
Classification number 658.4032
Item number DUT-S
100 ## - MAIN ENTRY--PERSONAL NAME
Personal name Dutta, Prashun
245 ## - TITLE STATEMENT
Title Systems thinking for effective managers :
Remainder of title the road less travelled /
Statement of responsibility, etc Prashun Dutta.
260 ## - PUBLICATION, DISTRIBUTION, ETC. (IMPRINT)
Place of publication, distribution, etc New Delhi :
Name of publisher, distributor, etc Sage Publication ,
Date of publication, distribution, etc 2017.
300 ## - PHYSICAL DESCRIPTION
Extent / Pages xx, 193 p. ;
650 ## - SUBJECT ADDED ENTRY--TOPICAL TERM
Topical term or geographic name as entry element Management
650 ## - SUBJECT ADDED ENTRY--TOPICAL TERM
Topical term or geographic name as entry element Organizational effectiveness
650 ## - SUBJECT ADDED ENTRY--TOPICAL TERM
Topical term or geographic name as entry element System analysis
650 ## - SUBJECT ADDED ENTRY--TOPICAL TERM
Topical term or geographic name as entry element System theory
942 ## - ADDED ENTRY ELEMENTS (KOHA)
Source of classification or shelving scheme
Koha item type Books
Holdings
Withdrawn status Lost status Source of classification or shelving scheme Damaged status Not for loan Home library Current library Date acquired Currency Cost, normal purchase price Total Checkouts Full call number Barcode Date last seen Copy number Bill Date Koha item type
          SOBD Library SOBD Library 24/01/2024 INR 395.00   658.4032 DUT-S1 SD1834 24/01/2024 1 24/01/2024 Books
Hosted, Implemented, Customized & Maintained by: BestBookBuddies

Powered by Koha